000 00832nam a22002657a 4500
003 DO-SdBNP
005 20220607105126.0
008 170731b 2009 sp 0 spa d
020 _a9788423678891
040 _aBPMSU
_bspa
_cBPMSU
082 _a863.6
_bN322l 2009
_222
100 1 _aNavarro Durán, Rosa
245 _aEl lazarillo contado a los niños /
_c Rosa Navarro Durán ; ilustraciones de Frances Rovira.
250 _a6a. ed.
260 _aBarcelona :
_bEdebé,
_c2009
300 _a169 p. ;
_b25 cm.
_c
490 0 _aClásicos contados a los ñiños
590 _6Inventariado, 2022/VM
600 _aClásicos contados a los ñiños
650 4 _aNovela juvenil española.
650 4 _aNovela picaresca española.
700 1 _aNavarro Durán, Rosa
_e ilustraciones
910 _aVMateo V.
942 _2ddc
_cBK
999 _c12601
_d12601